Word Ladder: Scary Movies Quiz Stats

 Plays Quiz Updated Oct 31, 2013

Support Sporcle.
Go Orange.
Score 0/52 Timer 04:00
2 Plays Today
☠ HINT ☠ ☠ WORD ☠ % Correct
☠ NIGHT____ ON ELM STREET ☠☠ MARE ☠
84.5%
____ And Let DieLIVE
82.5%
Mr. Connery, Bean, or PennSEAN
82.4%
☠ JAMIE LEE CURTISS FILM, ____OWEEN ☠☠ HALL ☠
81.2%
What an actor does with a scriptREAD
80.7%
'The ties that ____'BIND
79.7%
☠ HITCHCOCK'S THE ____S ☠☠ BIRD ☠
78.5%
☠ WES CRAVEN FRANCHISE SC____☠ REAM ☠
77.3%
☠ JOHNNY DEPP FILM, THE CORPSE B____☠ RIDE ☠
76.7%
Fabric junctureSEAM
76.1%
Morgan Freeman film, ____ On MeLEAN
75.7%
Cheese or melon skinRIND
75.1%
Shopper's havenMALL
74.8%
☠ THE ____ THAT ROCKS THE CRADLE ☠☠ HAND ☠
73%
Pork or lamb ____CHOP
71.4%
Road user feeTOLL
71.2%
____ Hand LukeCOOL
70.7%
☠ TALES FROM THE DARK____☠ SIDE ☠
70.6%
____ with the punchesROLL
70.1%
Hammer or sawTOOL
69.6%
What fangs and claws doREND
67.1%
☠ KUBRICK FILM, THE ____ING ☠☠ SHIN ☠
67%
____ Gun Will TravelHAVE
64.9%
Poultry palaceCOOP
64.2%
Prayer endingAMEN
63.6%
☠ LAIKA STUDIO'S CORA____☠ LINE ☠
63%
☠ HINT ☠ ☠ WORD ☠ % Correct
Kind of rock or liquorHARD
62%
☠ SIGOURNEY WEAVER'S A____☠ LIEN ☠
61.9%
Poet of yoreBARD
61.7%
DermisSKIN
61.6%
Math functionSINE
60.5%
Krishna lead-inHARE
60.2%
Nathan or Alan ____HALE
60.1%
CleanseLAVE
58.7%
Duke, Count, or PrinceMALE
58.5%
Mrs. Potts little boyCHIP
58.5%
Boxer's targetCHIN
57.7%
Screen actor's plumROLE
57.2%
Provoke angerRILE
56.6%
Pixar movieCARS
54.8%
☠ DON'T GO NEAR THE WATER ☠☠ JAWS ☠
54.3%
Related by bloodAKIN
51%
Green or Greeting followerCARD
49.1%
☠ GREGORY PECK FILM, THE ____☠ OMEN ☠
47.9%
Fearsome viral flu-like diseaseSARS
47.7%
Last King of Scotland?AMIN
47.2%
Crosscuts, miters, and key-holesSAWS
45.3%
Peter O'Toole film, ____ In WinterLION
44.4%
Scary replicant in BladerunnerLEON
38.3%
Drake's ship, The Golden ____HIND
32.5%
Steely Dan album, Katy ____LIED
24.5%
HastenedHIED
23.6%

Today's Daily Dose

You're not logged in!

Compare scores with friends on all Sporcle quizzes.
OR
Log In
Forgot?

From the Vault

Crossword Blackout! XIV

by hockeystix3

Can someone turn the lights back on?
Remove Ads.
Support Sporcle.
Get the best of Sporcle when you Go Orange. This ad-free experience offers more features, more stats, and more fun while also helping to support Sporcle. Thank you for becoming a member.

Show Comments

Extras

Top Quizzes Today


Score Distribution

Your Account Isn't Verified!

In order to create a playlist on Sporcle, you need to verify the email address you used during registration. Go to your Sporcle Settings to finish the process.

Report this User

Report this user for behavior that violates our Community Guidelines.

Details: